| 000 | 00922nam a2200301 i 4500 | ||
|---|---|---|---|
| 001 | 000047783 | ||
| 003 | DO-SdBNP | ||
| 005 | 20241014083749.0 | ||
| 007 | ta | ||
| 008 | 240410s1997 dr a r 000 0 spa d | ||
| 020 | _a8484002403 | ||
| 040 |
_aDO-SdBNP _bspa _cBNPHU _erda |
||
| 041 | _aspa | ||
| 082 | 4 |
_aRD863.44 _bA173e _222 |
|
| 100 | 1 |
_aAcedo, Pepa, _eautor _986670 _4aut. |
|
| 245 | 1 | 0 |
_aErase una vez una mujer en las arrugas del sueño / _cPepa Acevedo |
| 250 | _aPrimera edición | ||
| 264 | 4 |
_aSanto Domingo : _bEditora Taller, _c©1997. |
|
| 300 |
_a98 páginas ; _c21 cm. |
||
| 336 |
_ardacontent _btexto _2txt |
||
| 337 |
_ardamedia _bsin mediación _2n |
||
| 338 |
_brdacarrier _0volumen _2nc |
||
| 590 | _aInventariado, 2023 / DG | ||
| 650 | 4 |
_aCuentos dominicanos _914827 _2LEMB |
|
| 650 | 4 |
_aLiteratura dominicana _98576 _2LEMB |
|
| 910 | _aDG/Validado. Control de calidad MFF | ||
| 942 |
_2ddc _cLBS1 |
||
| 999 |
_c57756 _d57756 |
||